000 00397nam a2200157Ia 4500
008 221030s9999 xx 000 0 und d
020 _a81856232228
041 _aEnglish
082 _a105.23
_bLof
100 _aR. Lafore
245 0 _aObject - Oriented Programming in Turbo C++
_cby R. Lafore
260 _bGalgotia Pub
_aNew Delhi
_c739
300 _a739
650 _aBE Computer
942 _cBK
999 _c2213
_d2213